<?xml version="1.0" encoding="UTF-8"?>
<record
    xmlns:xsi="http://www.w3.org/2001/XMLSchema-instance"
    xsi:schemaLocation="http://www.loc.gov/MARC21/slim http://www.loc.gov/standards/marcxml/schema/MARC21slim.xsd"
    xmlns="http://www.loc.gov/MARC21/slim">

  <leader>01247nam a22002657a 4500</leader>
  <controlfield tag="003">NALT</controlfield>
  <controlfield tag="005">20250315073840.0</controlfield>
  <controlfield tag="008">      s2546    th                  tha d</controlfield>
  <datafield tag="020" ind1=" " ind2=" ">
    <subfield code="a">9742726841</subfield>
  </datafield>
  <datafield tag="040" ind1=" " ind2=" ">
    <subfield code="a">NALT</subfield>
  </datafield>
  <datafield tag="041" ind1=" " ind2=" ">
    <subfield code="a">tha</subfield>
  </datafield>
  <datafield tag="050" ind1=" " ind2=" ">
    <subfield code="a">HF 5351</subfield>
    <subfield code="b">&#xE01;279&#xE1E; 2546 </subfield>
  </datafield>
  <datafield tag="100" ind1="0" ind2=" ">
    <subfield code="a">&#xE01;&#xE24;&#xE29;&#xE0E;&#xE32; &#xE40;&#xE2A;&#xE01;&#xE15;&#xE23;&#xE30;&#xE01;&#xE39;&#xE25;</subfield>
    <subfield code="9">23244</subfield>
  </datafield>
  <datafield tag="245" ind1="1" ind2="0">
    <subfield code="a">&#xE1E;&#xE34;&#xE0A;&#xE34;&#xE15;&#xE18;&#xE38;&#xE23;&#xE01;&#xE34;&#xE08;&#xE2D;&#xE22;&#xE48;&#xE32;&#xE07;&#xE21;&#xE37;&#xE2D;&#xE2D;&#xE32;&#xE0A;&#xE35;&#xE1E; &#xE40;&#xE25;&#xE48;&#xE21; 2 /</subfield>
    <subfield code="c">&#xE01;&#xE24;&#xE29;&#xE0E;&#xE32; &#xE40;&#xE2A;&#xE01;&#xE15;&#xE23;&#xE30;&#xE01;&#xE39;&#xE25;, &#xE22;&#xE38;&#xE17;&#xE18; &#xE27;&#xE23;&#xE09;&#xE31;&#xE15;&#xE23;&#xE18;&#xE32;&#xE23;, &#xE01;&#xE34;&#xE15;&#xE34;&#xE1E;&#xE07;&#xE28;&#xE4C; &#xE2D;&#xE38;&#xE23;&#xE1E;&#xE35;&#xE1E;&#xE31;&#xE12;&#xE19;&#xE1E;&#xE07;&#xE28;&#xE4C;</subfield>
  </datafield>
  <datafield tag="250" ind1=" " ind2=" ">
    <subfield code="a">&#xE1E;&#xE34;&#xE21;&#xE1E;&#xE4C;&#xE04;&#xE23;&#xE31;&#xE49;&#xE07;&#xE17;&#xE35;&#xE48; 3.</subfield>
  </datafield>
  <datafield tag="260" ind1=" " ind2=" ">
    <subfield code="a">&#xE01;&#xE23;&#xE38;&#xE07;&#xE40;&#xE17;&#xE1E;&#xE2F; : </subfield>
    <subfield code="b">&#xE15;&#xE25;&#xE32;&#xE14;&#xE2B;&#xE25;&#xE31;&#xE01;&#xE17;&#xE23;&#xE31;&#xE1E;&#xE22;&#xE4C;&#xE41;&#xE2B;&#xE48;&#xE07;&#xE1B;&#xE23;&#xE30;&#xE40;&#xE17;&#xE28;&#xE44;&#xE17;&#xE22;, </subfield>
    <subfield code="c">2546.</subfield>
  </datafield>
  <datafield tag="300" ind1=" " ind2=" ">
    <subfield code="a">375 &#xE2B;&#xE19;&#xE49;&#xE32; :</subfield>
    <subfield code="b">&#xE20;&#xE32;&#xE1E;&#xE1B;&#xE23;&#xE30;&#xE01;&#xE2D;&#xE1A; ;</subfield>
    <subfield code="c">21 &#xE0B;&#xE21;.</subfield>
  </datafield>
  <datafield tag="650" ind1=" " ind2="0">
    <subfield code="a">&#xE01;&#xE32;&#xE23;&#xE08;&#xE31;&#xE14;&#xE01;&#xE32;&#xE23;&#xE18;&#xE38;&#xE23;&#xE01;&#xE34;&#xE08;</subfield>
    <subfield code="9">5803</subfield>
  </datafield>
  <datafield tag="700" ind1="0" ind2=" ">
    <subfield code="9">61501</subfield>
    <subfield code="a">&#xE22;&#xE38;&#xE17;&#xE18; &#xE27;&#xE23;&#xE09;&#xE31;&#xE15;&#xE23;&#xE18;&#xE32;&#xE23;</subfield>
  </datafield>
  <datafield tag="700" ind1="0" ind2=" ">
    <subfield code="9">28703</subfield>
    <subfield code="a">&#xE01;&#xE34;&#xE15;&#xE34;&#xE1E;&#xE07;&#xE28;&#xE4C; &#xE2D;&#xE38;&#xE23;&#xE1E;&#xE35;&#xE1E;&#xE31;&#xE12;&#xE19;&#xE1E;&#xE07;&#xE28;&#xE4C;</subfield>
  </datafield>
  <datafield tag="850" ind1=" " ind2=" ">
    <subfield code="a">NALT</subfield>
  </datafield>
  <datafield tag="942" ind1=" " ind2=" ">
    <subfield code="c">GB</subfield>
    <subfield code="2">lcc</subfield>
  </datafield>
  <datafield tag="996" ind1=" " ind2=" ">
    <subfield code="a">saiphon.d</subfield>
    <subfield code="b">CATSTF	</subfield>
    <subfield code="c">2023-08-31</subfield>
  </datafield>
  <datafield tag="999" ind1=" " ind2=" ">
    <subfield code="c">48773</subfield>
    <subfield code="d">48773</subfield>
  </datafield>
  <datafield tag="998" ind1=" " ind2=" ">
    <subfield code="j"></subfield>
    <subfield code="k">CRON CRON</subfield>
  </datafield>
  <datafield tag="952" ind1=" " ind2=" ">
    <subfield code="0">0</subfield>
    <subfield code="1">0</subfield>
    <subfield code="2">lcc</subfield>
    <subfield code="4">0</subfield>
    <subfield code="7">0</subfield>
    <subfield code="8">CGBL</subfield>
    <subfield code="a">NALT</subfield>
    <subfield code="b">NALT</subfield>
    <subfield code="c">GEN</subfield>
    <subfield code="d">2023-08-31</subfield>
    <subfield code="o">HF 5351 &#xE01;279&#xE1E; 2546 &#xE25;.2</subfield>
    <subfield code="p">3961160807</subfield>
    <subfield code="r">2017-06-09 00:00:00</subfield>
    <subfield code="t">&#xE09;.1</subfield>
    <subfield code="w">2017-06-09</subfield>
    <subfield code="y">GB</subfield>
  </datafield>
  <datafield tag="952" ind1=" " ind2=" ">
    <subfield code="0">0</subfield>
    <subfield code="1">0</subfield>
    <subfield code="2">lcc</subfield>
    <subfield code="4">0</subfield>
    <subfield code="7">0</subfield>
    <subfield code="8">CGBL</subfield>
    <subfield code="a">NALT</subfield>
    <subfield code="b">NALT</subfield>
    <subfield code="c">GEN</subfield>
    <subfield code="d">2023-08-31</subfield>
    <subfield code="o">HF 5351 &#xE01;279&#xE1E; 2546 &#xE25;.2</subfield>
    <subfield code="p">3961160808</subfield>
    <subfield code="r">2017-06-09 00:00:00</subfield>
    <subfield code="t">&#xE09;.2</subfield>
    <subfield code="w">2017-06-09</subfield>
    <subfield code="y">GB</subfield>
  </datafield>
</record>
